| Tag |
First Indicator |
Second Indicator |
Subfields |
| LEADER |
00000cam a2200000 a 4500 |
| 001 |
in00001235521 |
| 005 |
20151003063605.0 |
| 008 |
950207s1995 paua 000 0 eng |
| 010 |
|
|
|a 95006327
|
| 020 |
|
|
|a 1561481173
|
| 035 |
|
|
|a (OCoLC)32050935
|
| 035 |
|
|
|9 AGT0783AM
|
| 040 |
|
|
|a DLC
|c DLC
|d TXA
|d UtOrBLW
|
| 049 |
|
|
|a TXAM
|
| 050 |
0 |
0 |
|a MT88
|b .L42 1995
|
| 082 |
0 |
0 |
|a 782.5/145
|2 20
|
| 100 |
1 |
|
|a Lehman, Glenn M.
|
| 245 |
1 |
0 |
|a You can lead singing :
|b a song leader's manual /
|c Glenn Lehman.
|
| 264 |
|
1 |
|a Intercourse, PA :
|b Good Books,
|c [1995]
|
| 264 |
|
4 |
|c ©1995
|
| 300 |
|
|
|a 94 pages :
|b illustrations ;
|c 21 cm.
|
| 336 |
|
|
|a text
|b txt
|2 rdacontent
|
| 337 |
|
|
|a unmediated
|b n
|2 rdamedia
|
| 338 |
|
|
|a volume
|b nc
|2 rdacarrier
|
| 650 |
|
0 |
|a Choirs (Music)
|
| 650 |
|
0 |
|a Choral conducting.
|
| 650 |
|
0 |
|a Church music
|x Instruction and study.
|
| 999 |
|
|
|a MARS
|
| 999 |
f |
f |
|s 721a496d-cd35-3132-af01-bba41852067c
|i 91052a5c-8449-320d-b85e-11630dd45c5c
|t 0
|
| 952 |
f |
f |
|p ric
|a Texas A&M University
|b Rellis Campus
|c Joint Library Facility
|d Remote Storage
|t 0
|e MT88 .L42 1995
|h Library of Congress classification
|i unmediated -- volume
|m A14819707797
|
| 998 |
f |
f |
|a MT88 .L42 1995
|t 0
|l Remote Storage
|